| 000 | 00959nam a22003137a 4500 | ||
|---|---|---|---|
| 003 | DO-SdBNP | ||
| 005 | 20230314125952.0 | ||
| 008 | 0607212016 sp spa | ||
| 017 |
_a _b |
||
| 020 | _a9788498386578 | ||
| 035 | _a | ||
| 040 |
_aBPMSU _bspa _cBPMSU _e |
||
| 082 | 4 |
_a823.91 _bR884H 2016 _222 |
|
| 100 |
_aRowling, J. K., _d1965- |
||
| 240 | 1 | 0 | _l |
| 245 | 1 | 0 |
_aHarry Potter y la piedra filosofal / _cJ. K. Rowling _h _b |
| 260 |
_aBarcelona : _bSalamandra, _c2016. _e _f |
||
| 300 |
_a260 p. ; _c23 cm. |
||
| 490 | 0 |
_3Harry Potter _v1 |
|
| 500 | _aIncluye datos biográficos de la autora en la solapa de la cubierta | ||
| 534 |
_aTítulo original : _tHarry potter and the philosopher´s stone |
||
| 590 | _6Inventariado, 2023/VM | ||
| 650 | 4 |
_aNovela Juvenil inglesa _2 |
|
| 650 | 4 |
_aMagía _vNovela |
|
| 830 |
_aHarry Potter _31 |
||
| 910 | _aVMateo V. Control de calidad (BPMSU ) | ||
| 942 |
_2ddc _cBK |
||
| 980 |
_a _a _b _j _c |
||
| 999 |
_c12802 _d12802 |
||